Pahalwan kaise banen/ (Record no. 33088)

000 -LEADER
fixed length control field 00384nam a22001691a 4500
020 ## - INTERNATIONAL STANDARD BOOK NUMBER
ISBN 9788185829371
082 ## - DEWEY DECIMAL CLASSIFICATION NUMBER
Classification number H 796.812 092
Item number HAR/P
100 ## - MAIN ENTRY--AUTHOR NAME
Personal name Harphool Singh
245 ## - TITLE STATEMENT
Title Pahalwan kaise banen/
Statement of responsibility, etc by Harphool Singh
260 ## - PUBLICATION, DISTRIBUTION, ETC. (IMPRINT)
Place of publication New Delhi:
Name of publisher Jnan,
Year of publication 1998.
300 ## - PHYSICAL DESCRIPTION
Number of Pages 128p.
650 ## - SUBJECT ADDED ENTRY--TOPICAL TERM
Topical Term Wrestling
650 ## - SUBJECT ADDED ENTRY--TOPICAL TERM
Topical Term Games
650 ## - SUBJECT ADDED ENTRY--TOPICAL TERM
Topical Term Sports
650 ## - SUBJECT ADDED ENTRY--TOPICAL TERM
Topical Term Arts
942 ## - ADDED ENTRY ELEMENTS (KOHA)
Koha item type Book
Holdings
Withdrawn status Lost status Damaged status Not for loan Permanent Location Current Location Date acquired Cost, normal purchase price Full call number Accession Number Cost, replacement price Price effective from Koha item type
        Sree Sankaracharya University of Sanskrit Sree Sankaracharya University of Sanskrit 08.01.2015 60.00 H 796.812 092 HAR/P 034173 0.00 08.01.2015 Book